000 00879nmm a2200265 a 4500
001 ocm0002146059
003 TR-IsHL
005 20201028181722.0
008 190108s2015 tu tur
007 cr cn
020 _a9786055283940
035 _a2146059
_b(N$T)
050 0 4 _aPL248.E735
_bB35 2015
090 0 4 _aPL248.E735
_bB35 2015
100 1 _aEralp, Halid Yılmaz
245 1 0 _aBalkanlardan İskenderiye'ye bir esaretin öyküsü
_h[electronic resource] /
_cHalid Yılmaz Eralp
260 _aİstanbul :
_bAkıl Fikir Yayınları,
_c2015
300 _a157 p.
650 4 _aDil ve Edebiyat
650 4 _aLanguage and Literature
650 0 _aTürk romanı
650 0 _aTurkish fiction
650 7 _aLITERARY COLLECTIONS / Middle Eastern
_2bisacsh
856 4 0 _uhttp://search.ebscohost.com/login.aspx?direct=true&scope=site&db=e011xww&AN=2146059
999 _c19731
_d19731